Сумерки Европы (Запись № 12873896)

Подробности
000 -МАРКЕР
контрольное поле 04088nam0a2200457 4500
001 - ИДЕНТИФИКАТОР ЗАПИСИ
контрольное поле RU\NLR\BIBL_A\016267160
005 - ИДЕНТИФИКАТОР ВЕРСИИ
контрольное поле 20240725171707.0
010 ## - МЕЖДУНАРОДНЫЙ СТАНДАРТНЫЙ НОМЕР КНИГИ (ISBN)
Номер (ISBN) 978-5-98712-289-1
Тираж 350
021 ## - НОМЕР ГОСУДАРСТВЕННОЙ РЕГИСТРАЦИИ
Код страны Российская Федерация
Номер КН-П-22-088490
Номер Листа государственной регистраци КН-П-22-7855
035 ## - ДРУГИЕ СИСТЕМНЫЕ НОМЕРА
Идентификатор записи (NLR Aleph) 016267160
035 ## - ДРУГИЕ СИСТЕМНЫЕ НОМЕРА
Идентификатор записи (RuMoRGB)011470681
100 ## - ДАННЫЕ ОБЩЕЙ ОБРАБОТКИ
Данные общей обработки 20230124d2022 u y0rusy50 ca
101 0# - ЯЗЫК РЕСУРСА
Язык текста, звукозаписи и т.д. русский
102 ## - СТРАНА ПУБЛИКАЦИИ ИЛИ ПРОИЗВОДСТВА
Страна публикации Российская Федерация
105 ## - ПОЛЕ КОДИРОВАННЫХ ДАННЫХ: ТЕКСТОВЫЕ МАТЕРИАЛЫ, МОНОГРАФИЧЕСКИЕ
Кодированные данные о монографическом текстовом документе y z 001zy
181 #0 - ПОЛЕ КОДИРОВАННЫХ ДАННЫХ: ВИД СОДЕРЖАНИЯ
Код вида содержания (ISBD) i
Код характеристики содержания (ISBD) axxe
182 #0 - ПОЛЕ КОДИРОВАННЫХ ДАННЫХ: ТИП СРЕДСТВА
Код типа средства (ISBD) n - непосредственное
200 1# - ЗАГЛАВИЕ И СВЕДЕНИЯ ОБ ОТВЕТСТВЕННОСТИ
Основное заглавие Сумерки Европы
Первые сведения об ответственности Григорий Ландау
Последующие сведения об ответственности Российская академия наук, Институт научной информации по общественным наукам
203 ## - ВИД СОДЕРЖАНИЯ И ТИП СРЕДСТВА
Вид содержания Текст
Дополнительные сведения об издании визуальный
Тип средства непосредственный
210 ## - ПУБЛИКАЦИЯ, РАСПРОСТРАНЕНИЕ И ДР.
Место издания, распространения и т.д. Москва
-- Санкт-Петербург
Имя издателя, распространителя и т. д. Центр гуманитарных инициатив
Дата издания, распространения и т.д. 2022
215 ## - ФИЗИЧЕСКАЯ ХАРАКТЕРИСТИКА
Специфическое обозначение материала и объем 353, [1] с.
Размеры 22
225 1# - СЕРИЯ
Основное заглавие серии Письмена времени
320 ## - ПРИМЕЧАНИЯ О НАЛИЧИИ В ДОКУМЕНТЕ БИБЛИОГРАФИИ / УКАЗАТЕЛЯ
Текст примечания Библиогр.: с. 348 (11 назв.)
320 ## - ПРИМЕЧАНИЯ О НАЛИЧИИ В ДОКУМЕНТЕ БИБЛИОГРАФИИ / УКАЗАТЕЛЯ
Текст примечания Указ. имен: с. 351-352
330 ## - РЕЗЮМЕ ИЛИ РЕФЕРАТ
Текст примечания Григорий Адольфович Ландау (1877-1941) - философ, культурфилософ, публицист, мыслитель русского зарубежья, о блестящем даровании которого писали Вяч. Иванов и Ф. А. Степун, в своей книге осмысляет трагедию Первой мировой войны, ее эсхатологические последствия для европейской цивилизации. В интерпретации Ландау процесс трансформации европейской культуры из мировой и всечеловеческой в провинциальную, начавшийся еще до 1914 года, во время войны усилился, произошел срыв культурной непрерывности. Центральное место в книге Ландау, вышедшей в свет в 1923 г. в Берлине, занимает анализ важнейших для Запада последствий мировой катастрофы, определенных им как "материальные разрушения", "уничтожение живой силы" и "моральное затмение" - установление атмосферы ненависти и подозрения между народами Западной Европы, губительной как в экономическом, так и в духовном плане. Ландау прогнозирует грядущие геополитические и культурные изменения, говорит об опасности абсолютизации любого философского принципа, полагает, что именно "идейный максимализм" "сгущает сумерки над европейской культурой"
606 1# - НАИМЕНОВАНИЕ ТЕМЫ КАК ПРЕДМЕТ
Наименование темы Первая мировая война
Тематический подзаголовок в философии
Хронологический подзаголовок 1914 - 1918
Системный номер авторитетной/нормативной записи 2151929
Идентификатор авторитетной/нормативной записи RU\NLR\AUTH\661600590
606 1# - НАИМЕНОВАНИЕ ТЕМЫ КАК ПРЕДМЕТ
Наименование темы Первая мировая война
Тематический подзаголовок Последствия
Хронологический подзаголовок 1914 - 1918
Системный номер авторитетной/нормативной записи 1875156
Идентификатор авторитетной/нормативной записи RU\NLR\AUTH\66851577
606 1# - НАИМЕНОВАНИЕ ТЕМЫ КАК ПРЕДМЕТ
Наименование темы Общественное развитие
Тематический подзаголовок Социально-философские вопросы
Географический подзаголовок Европейские страны
Системный номер авторитетной/нормативной записи 2549321
Идентификатор авторитетной/нормативной записи RU\NLR\AUTH\6601721850
606 1# - НАИМЕНОВАНИЕ ТЕМЫ КАК ПРЕДМЕТ
Наименование темы Социальная напряженность
Тематический подзаголовок Социально-философские вопросы
Системный номер авторитетной/нормативной записи 2221544
Идентификатор авторитетной/нормативной записи RU\NLR\AUTH\661333935
686 1# - ИНДЕКСЫ ДРУГИХ КЛАССИФИКАЦИЙ
Индекс Ю252
Книжный номер Ц01
686 1# - ИНДЕКСЫ ДРУГИХ КЛАССИФИКАЦИЙ
Индекс С550.518
686 1# - ИНДЕКСЫ ДРУГИХ КЛАССИФИКАЦИЙ
Индекс Ю252
Книжный номер Т08
686 1# - ИНДЕКСЫ ДРУГИХ КЛАССИФИКАЦИЙ
Индекс С550.73
686 1# - ИНДЕКСЫ ДРУГИХ КЛАССИФИКАЦИЙ
Индекс Т3(0)532.9-611
686 1# - ИНДЕКСЫ ДРУГИХ КЛАССИФИКАЦИЙ
Индекс Ц35(0)532.2
700 #1 - ИМЯ ЛИЦА - ПЕРВИЧНАЯ ОТВЕТСТВЕННОСТЬ
Графика поля Кириллица
Материалы, к которым относится поле rus
Начальный элемент ввода Ландау
Часть имени, кроме начального элемента ввода Г. А.
Даты 1877-1940
Расширение инициалов личного имени Григорий Адольфович
Системный номер авторитетной/нормативной записи 112147
Идентификатор авторитетной/нормативной записи RU\NLR\AUTH\772130
942 ## - ДОПОЛНИТЕЛЬНЫЕ ЭЛЕМЕНТЫ ЗАПИСИ (АБИС)
Тип экземпляра АБИС Книга
980 ## - КОЛЛЕКЦИЯ
Название коллекции Национальная библиография
Экземпляры
Тип экземпляра Дата поступления Источник поступления Библиотека постоянного хранения Библиотека текущего хранения Место хранения Шифр хранения Штрих-код Статус экземпляра
Книга 24.01.2023 Обязательный экземпляр РНБ (Московский) РНБ (Московский) Русский книжный фонд: издания с 1957 года 2023-5/414 1-4111979